|
|
|
|
| LEADER |
00000naa2a2200000 4500 |
| 001 |
611665 |
| 005 |
20250515113426.0 |
| 035 |
|
|
|a (RuTPU)RU\TPU\conf\9477
|
| 035 |
|
|
|a RU\TPU\conf\9476
|
| 090 |
|
|
|a 611665
|
| 100 |
|
|
|a 20150408d2014 k y0rusy50 ba
|
| 101 |
0 |
|
|a eng
|
| 102 |
|
|
|a RU
|
| 105 |
|
|
|a y z 101zy
|
| 135 |
|
|
|a drcn ---uucaa
|
| 181 |
|
0 |
|a i
|
| 182 |
|
0 |
|a b
|
| 200 |
1 |
|
|a Smart house hybrid
|f A. Filyukov, A. L. Buran
|
| 203 |
|
|
|a Текст
|c электронный
|
| 225 |
1 |
|
|a Прикладная лингвистика: разработка концепции научно-образовательного комплекса "Интеллектуальные энергосистемы (Smart Grid)"
|
| 300 |
|
|
|a Заглавие с титульного экрана
|
| 320 |
|
|
|a [Библиогр.: с. 172 (4 назв.)]
|
| 337 |
|
|
|a Adobe Reader
|
| 463 |
|
0 |
|0 (RuTPU)RU\TPU\conf\9447
|t Лингвистические и культурологические традиции и инновации
|o сборник материаов XIV Международной научно-практической конференции, Томск, 12-15 ноября 2014 г.
|f Национальный исследовательский Томский политехнический университет (ТПУ) ; ред. кол. Ю. В. Кобенко [и др.]
|v [С. 169-172]
|d 2014
|
| 610 |
1 |
|
|a труды учёных ТПУ
|
| 610 |
1 |
|
|a электронный ресурс
|
| 610 |
1 |
|
|a Умный дом
|
| 610 |
1 |
|
|a энергоресурсы
|
| 610 |
1 |
|
|a энергия
|
| 610 |
1 |
|
|a альтернативные источники энергии
|
| 610 |
1 |
|
|a передовые технологии
|
| 610 |
1 |
|
|a автоматизация
|
| 700 |
|
1 |
|a Filyukov
|b A.
|
| 701 |
|
1 |
|a Buran
|b A. L.
|c linguist
|c Associate Professor of Tomsk Polytechnic University, Candidate of pedagogical sciences
|f 1977-
|g Anna Leonidovna
|3 (RuTPU)RU\TPU\pers\34142
|9 17682
|
| 712 |
0 |
2 |
|a Национальный исследовательский Томский политехнический университет
|c (2009- )
|9 26305
|
| 801 |
|
2 |
|a RU
|b 63413507
|c 20220228
|g RCR
|
| 850 |
|
|
|a 63413507
|
| 856 |
4 |
|
|u http://earchive.tpu.ru/handle/11683/20695
|
| 856 |
4 |
|
|u http://www.lib.tpu.ru/fulltext/c/2014/C85/V1/042.pdf
|
| 942 |
|
|
|c BK
|